00580 a2200157 450000500170000002000220001708200160003910000190005524500480007425000110012226000510013330000730018494200130025799900150027095201370028520250623083014.0 a978-81-203-4604-8 a658.09'6CHA aChandra Das. S aCorporate Gvernance In India, An Evaluation a3rd Ed aNew DelhibPHI Learning Private Limitedc2012. aXII,; 285P,; Ill, table, figure, picturebBibliography, Indexc24cm, 2ddccBKS c4615d4615 r2025-06-23 08:33:35l0o658.09'6CHApDOM0003619v75000.00w2025-06-23yBKS102ddc407000a004b004cSPECIALd2017-07-24g25000.00